000 00431nam a22001577a 4500
005 20251108164341.0
008 250721s1986 xx 000 0 ara d
082 1 4 _a398.2/بوب
100 1 _aعلماني، صالح
_eمترجم
245 1 0 _aبوبول قوة /
264 1 _aعمان :
_bدار منارات للنشر،
_c1986.
300 _a184ص
650 1 7 _aعلم الأساطير
942 _2ddc
_cBK
999 _c10009
_d10009